| 000 | 00725nam a2200253 a 4500 | ||
|---|---|---|---|
| 001 | BRCA_7988 | ||
| 005 | 20190320210101.0 | ||
| 008 | 130314s1966----enka###f##---#001-0#eng-# | ||
| 041 | _aeng | ||
| 044 | _aenk | ||
| 050 | 4 |
_aNK2529 _b.T65 2 1966 |
|
| 100 | 1 |
_aToller, Jane _919422 |
|
| 245 | 1 | 0 |
_aAntique furniture in Great Britain and América _cby Jane Toller. |
| 260 |
_aLondres _bG. Bell _cc1966 |
||
| 300 |
_a112 p. _bil., 50 láminas _c22 cm. |
||
| 500 | _aEjemplar igual a Y69 | ||
| 500 | _a3025 | ||
| 650 | 1 | 4 |
_aMuebles en miniatura _vAntigüedades _919818 |
| 650 | 1 | 4 |
_aMuebles _zGran Bretaña _99406 |
| 650 | 1 | 4 |
_aMuebles _zEstados Unidos _914276 |
| 650 | 1 | 4 |
_aMiniaturas _917918 |
| 902 | _aGFM | ||
| 942 |
_2lcc _cB |
||
| 999 |
_c7657 _d7657 |
||